[Event "Helsingor Xtracon op"]
[Site "Helsingor"]
[Date "2016.07.28"]
[Round "7"]
[White "Tryggestad, Linnea Garberg"]
[Black "Fjellengen, Bard"]
[Result "1/2-1/2"]
[WhiteElo "1525"]
[BlackElo "1764"]
[PlyCount "104"]
[EventDate "2016.07.23"]
[EventType "swiss"]
[EventRounds "10"]
[EventCountry "DEN"]
[SourceTitle "CBM 173 Extra"]
[Source "ChessBase"]
[SourceDate "2016.08.29"]
[SourceVersion "1"]
[SourceVersionDate "2016.08.29"]
[SourceQuality "1"]

1. d4 d5 2. c4 c6 3. Nc3 e6 4. e3 f5 5. Nf3 Nf6 6. Be2 Bd6 7. h3 0-0 8. 0-0 Nbd7 9. c5 Bc7 10. b4 e5 11. dxe5 Nxe5 12. Nxe5 Bxe5 13. Bb2 Ne4 14. Qc2 Qf6 15. Rac1 Nxc3 16. Bxc3 Bxc3 17. Qxc3 Qxc3 18. Rxc3 Be6 19. a3 Rae8 20. Bh5 g6 21. Bd1 Bc8 22. Bb3 f4 23. exf4 Rxf4 24. Re3 Rfe4 25. Rxe4 Rxe4 26. Rd1 Be6 27. Kf1 Kf7 28. Rd3 Kf6 29. f3 Re5 30. Kf2 Bf5 31. Re3 g5 32. g4 Bg6 33. Rc3 d4 34. Rc1 Re3 35. Bc2 Bxc2 36. Rxc2 Ke5 37. Re2 Kf4 38. Rxe3 dxe3+ 39. Ke2 b6 40. cxb6 axb6 41. a4 Ke5 42. Kxe3 Kd6 43. Kd4 Kc7 44. a5 Kb7 45. f4 gxf4 46. Ke4 c5 47. a6+ Kxa6 48. bxc5 bxc5 49. Kxf4 Kb5 50. Ke3 Kc4 51. Kd2 Kd4 52. h4 Ke4 1/2-1/2

[Event "Bergen Grand Prix B"]
[Site "Bergen"]
[Date "2013.10.20"]
[Round "4"]
[White "Fjellengen, Bard"]
[Black "Rasmussen, Jonas H"]
[Result "0-1"]
[WhiteElo "1761"]
[BlackElo "1554"]
[PlyCount "142"]
[EventDate "2013.10.18"]
[EventType "swiss"]
[EventRounds "5"]
[EventCountry "NOR"]
[SourceTitle "EXT 2024"]
[Source "ChessBase"]
[SourceDate "2023.10.10"]
[SourceVersion "1"]
[SourceVersionDate "2023.10.10"]
[SourceQuality "1"]

1. d4 Nf6 2. Nf3 e6 3. c4 Bb4+ 4. Bd2 Bxd2+ 5. Qxd2 0-0 6. Nc3 d6 7. e4 Nbd7 8. Bd3 e5 9. 0-0 b6 10. Rad1 Bb7 11. Bb1 Re8 12. Rfe1 exd4 13. Qxd4 Ng4 14. h3 Nge5 15. Nxe5 Nxe5 16. f4 Ng6 17. Nd5 Bxd5 18. exd5 Qh4 19. Rxe8+ Rxe8 20. Bxg6 hxg6 21. Qf2 Qxf2+ 22. Kxf2 Re4 23. Rc1 Rxf4+ 24. Ke3 Rf5 25. Rc2 Kf8 26. Ke4 Ke7 27. b4 Kd7 28. g4 Re5+ 29. Kd4 Re1 30. Rc3 Rb1 31. a3 Rd1+ 32. Ke4 f6 33. Kf4 Ke7 34. Re3+ Kf7 35. Rc3 g5+ 36. Kg3 g6 37. Kf2 f5 38. Ke2 Rd4 39. Ke3 Re4+ 40. Kf3 Kf6 41. c5 bxc5 42. bxc5 Ke5 43. cxd6 cxd6 44. Rc7 Ra4 45. Rg7 Rxa3+ 46. Kg2 Kf6 47. Rd7 Ra6 48. Kf3 fxg4+ 49. Kxg4 Ra4+ 50. Kg3 Ke5 51. Rg7 Kf5 52. Rf7+ Ke5 53. Rg7 Kxd5 54. Rxg6 a5 55. Rxg5+ Ke6 56. h4 d5 57. h5 Ra1 58. Rg6+ Kf7 59. Rd6 Rd1 60. Kf4 a4 61. Ke3 a3 62. Ra6 Ra1 63. Kf2 a2 64. Kg2 d4 65. h6 Kg8 66. Ra8+ Kh7 67. Ra7+ Kxh6 68. Ra6+ Kg5 69. Ra3 Kf4 70. Kh2 Ke4 71. Kg2 d3 0-1

[Event "Politiken Cup 35th"]
[Site "Helsingor"]
[Date "2013.07.29"]
[Round "4"]
[White "Fjellengen, Bard"]
[Black "Christiansen, Jens Jorgen"]
[Result "0-1"]
[WhiteElo "1869"]
[BlackElo "2121"]
[PlyCount "76"]
[EventDate "2013.07.27"]
[EventType "swiss"]
[EventRounds "10"]
[EventCountry "DEN"]
[SourceTitle "CBM 155 Extra"]
[Source "ChessBase"]
[SourceDate "2013.08.26"]
[SourceVersion "1"]
[SourceVersionDate "2013.08.26"]
[SourceQuality "1"]

1. c4 c6 2. Nc3 d5 3. cxd5 cxd5 4. d4 Nf6 5. g3 Nc6 6. Bg2 e6 7. e3 Be7 8. Nge2 a6 9. 0-0 b5 10. a3 Na5 11. b3 Bb7 12. Bb2 Rc8 13. Nf4 0-0 14. Nd3 Qb6 15. Na2 Nc4 16. bxc4 bxc4 17. Ndb4 a5 18. Bc3 axb4 19. Bxb4 Bxb4 20. Nxb4 Qa5 21. Qc2 g6 22. Rfb1 Bc6 23. Nxc6 Rxc6 24. Rb4 Rb6 25. Rxb6 Qxb6 26. Rb1 Qa7 27. Qb2 Kg7 28. e4 dxe4 29. Bf1 Rc8 30. Rc1 Qa4 31. Qb7 Rc6 32. Qb4 Ra6 33. Rxc4 Qxa3 34. Qe1 Rb6 35. h3 h5 36. Kh2 Rb2 37. Kg1 Qa2 38. Rb4 Qa5 0-1

[Event "Politiken Cup 35th"]
[Site "Helsingor"]
[Date "2013.07.27"]
[Round "1"]
[White "Friedrich, Norbert"]
[Black "Fjellengen, Bard"]
[Result "1-0"]
[WhiteElo "2305"]
[BlackElo "1869"]
[PlyCount "41"]
[EventDate "2013.07.27"]
[EventType "swiss"]
[EventRounds "10"]
[EventCountry "DEN"]
[SourceTitle "CBM 155 Extra"]
[Source "ChessBase"]
[SourceDate "2013.08.26"]
[SourceVersion "1"]
[SourceVersionDate "2013.08.26"]
[SourceQuality "1"]

1. e4 c5 2. Nf3 Nc6 3. d4 cxd4 4. Nxd4 e5 5. Nb5 d6 6. c4 a6 7. N5c3 Nf6 8. Bd3 Be7 9. 0-0 0-0 10. Na3 Nb4 11. Be2 Bd7 12. Be3 Bc6 13. Qd2 Qa5 14. f3 b5 15. cxb5 axb5 16. Bxb5 Bxb5 17. Naxb5 d5 18. exd5 Nbxd5 19. Nxd5 Qxb5 20. Nxe7+ Kh8 21. Nf5 1-0

[Event "NOR-ch Class2"]
[Site "Lillehammer"]
[Date "2013.06.29"]
[Round "1"]
[White "Wolf, Ronald"]
[Black "Fjellengen, Bard"]
[Result "1/2-1/2"]
[WhiteElo "1546"]
[BlackElo "1670"]
[PlyCount "77"]
[EventDate "2013.06.29"]
[EventType "swiss"]
[EventRounds "9"]
[EventCountry "NOR"]
[SourceTitle "EXT 2017"]
[Source "ChessBase"]
[SourceDate "2016.10.25"]
[SourceVersion "1"]
[SourceVersionDate "2016.10.25"]
[SourceQuality "1"]

1. e4 e5 2. Nf3 Nc6 3. Bc4 Bc5 4. 0-0 Nf6 5. d3 0-0 6. Bg5 d6 7. h3 Na5 8. Bb3 Nxb3 9. axb3 Qe7 10. Nc3 Qe6 11. Na4 Nd7 12. Nxc5 dxc5 13. Nh4 f6 14. Be3 b6 15. Qh5 Nb8 16. f4 Nc6 17. f5 Qf7 18. Ng6 Rd8 19. Rf3 Bd7 20. Rg3 Be8 21. Rf1 Ne7 22. Nxe7+ Qxe7 23. Qh4 Qf8 24. Bh6 Rd7 25. Rg4 Kh8 26. Be3 a5 27. Rf3 Ra7 28. Rfg3 c6 29. Rg6 Bxg6 30. fxg6 Qg8 31. Rg4 Rd6 32. Qg3 Qf8 33. h4 hxg6 34. Rxg6 f5 35. exf5 Rxg6 36. fxg6 Qf5 37. Qg5 Qxg5 38. Bxg5 Rd7 39. Kf2 1/2-1/2

[Event "Politiken Cup 34th"]
[Site "Helsingor"]
[Date "2012.08.01"]
[Round "6"]
[White "Fjellengen, Bard"]
[Black "Larsen, Hans Haagen"]
[Result "1/2-1/2"]
[WhiteElo "1928"]
[BlackElo "1775"]
[PlyCount "132"]
[EventDate "2012.07.28"]
[EventType "swiss"]
[EventRounds "10"]
[EventCountry "DEN"]
[SourceTitle "CBM 149 Extra"]
[Source "ChessBase"]
[SourceDate "2012.08.24"]
[SourceVersion "1"]
[SourceVersionDate "2012.08.24"]
[SourceQuality "1"]

1. c4 Nf6 2. g3 g6 3. Bg2 Bg7 4. Nc3 0-0 5. d4 Nc6 6. e4 d6 7. Nf3 Bd7 8. 0-0 a6 9. a3 Na5 10. b3 c5 11. Bb2 cxd4 12. Nxd4 Nc6 13. Nxc6 bxc6 14. c5 Be6 15. cxd6 exd6 16. e5 Nd5 17. Nxd5 cxd5 18. Re1 dxe5 19. Bxe5 Bxe5 20. Rxe5 Qc7 21. Qd4 Rab8 22. b4 Qc4 23. Rd1 Qb3 24. Re3 Qa4 25. Bf1 Rbc8 26. Qd3 Rc4 27. Qb3 Qxb3 28. Rxb3 Rc6 29. Bg2 Rd6 30. Rbd3 Rfd8 31. Rd4 Kg7 32. Rc1 g5 33. Rc5 h6 34. a4 Kf6 35. f4 R8d7 36. h3 gxf4 37. gxf4 Kf5 38. Bf3 Kf6 39. Kh2 Rd8 40. b5 axb5 41. axb5 R8d7 42. Kg3 Rd8 43. Kh4 R6d7 44. b6 Rb7 45. Rc6 Kg7 46. f5 Bxf5 47. Rxd5 Rxd5 48. Bxd5 Rb8 49. Rd6 Kf8 50. b7 Be6 51. Bf3 Ke7 52. Rd4 Kf6 53. Ra4 Bc8 54. bxc8Q Rxc8 55. Rf4+ Kg7 56. Bd5 f6 57. Kg4 Re8 58. h4 Re5 59. Rf5 Rxf5 60. Kxf5 Kh8 61. Kxf6 Kh7 62. Bc6 h5 63. Bf3 Kh8 64. Kf7 Kh7 65. Bxh5 Kh8 66. Kf6 Kh7 1/2-1/2

[Event "Politiken Cup 34th"]
[Site "Helsingor"]
[Date "2012.07.29"]
[Round "2"]
[White "Svane, Frederik"]
[Black "Fjellengen, Bard"]
[Result "0-1"]
[WhiteElo "1676"]
[BlackElo "1928"]
[PlyCount "100"]
[EventDate "2012.07.28"]
[EventType "swiss"]
[EventRounds "10"]
[EventCountry "DEN"]
[SourceTitle "CBM 149 Extra"]
[Source "ChessBase"]
[SourceDate "2012.08.24"]
[SourceVersion "1"]
[SourceVersionDate "2012.08.24"]
[SourceQuality "1"]

1. e4 g6 2. d4 Bg7 3. c4 d6 4. Nc3 c6 5. Be3 Nd7 6. Be2 Ngf6 7. h3 0-0 8. Nf3 e5 9. d5 c5 10. Qd2 Ne8 11. Qc2 f5 12. Ng5 Ndf6 13. Nf3 Nxe4 14. Nxe4 fxe4 15. Qxe4 Bf5 16. Qh4 Qxh4 17. Nxh4 Bf6 18. Nxf5 gxf5 19. Rb1 f4 20. Bd2 Bg7 21. Bc3 Nf6 22. Bd3 Rae8 23. Kd2 e4 24. Bxf6 Bxf6 25. Bc2 Bd4 26. f3 e3+ 27. Ke2 Rf7 28. Rhg1 Rg7 29. a3 Kh8 30. Bf5 Reg8 31. g4 fxg3 32. Bg4 Rf8 33. Rg2 Rb8 34. a4 a6 35. b4 h6 36. Bf5 h5 37. Be4 h4 38. Bf5 b6 39. Be4 b5 40. bxc5 Bxc5 41. axb5 axb5 42. cxb5 Ra7 43. Rb2 Rba8 44. Kd3 Ra3+ 45. Ke2 Ra2 46. Kd1 Ra1+ 47. Ke2 R8a2 48. Kd3 Rd1+ 49. Kc2 Rxb2+ 50. Kxb2 Rd2+ 0-1

[Event "Politiken Cup 33rd"]
[Site "Helsingor"]
[Date "2011.07.31"]
[Round "3"]
[White "Fjellengen, Bard"]
[Black "Christensen, Janus"]
[Result "1/2-1/2"]
[WhiteElo "1905"]
[BlackElo "2127"]
[PlyCount "121"]
[EventDate "2011.07.30"]
[EventType "swiss"]
[EventRounds "10"]
[EventCountry "DEN"]
[SourceTitle "CBM 143 Extra"]
[Source "ChessBase"]
[SourceDate "2011.08.29"]
[SourceVersion "1"]
[SourceVersionDate "2011.08.29"]
[SourceQuality "1"]

1. c4 b6 2. Nc3 c5 3. e3 Bb7 4. Nf3 e6 5. d4 Nf6 6. d5 a6 7. a4 Qc7 8. e4 d6 9. Bd3 exd5 10. exd5 Nbd7 11. 0-0 0-0-0 12. Re1 h6 13. Bf4 Nh5 14. Bd2 g6 15. Qc2 Bg7 16. Re7 Rhf8 17. Rae1 Bf6 18. R7e2 Ne5 19. Nxe5 Bxe5 20. g3 Qd7 21. f4 Bd4+ 22. Be3 Qg4 23. Bxd4 cxd4 24. Ne4 Nxf4 25. Rd2 Nh3+ 26. Kg2 f5 27. Nf2 Nxf2 28. Rxf2 Qg5 29. Qd2 Rde8 30. Qxg5 hxg5 31. Rfe2 Rxe2+ 32. Rxe2 Rf6 33. Re7 b5 34. axb5 axb5 35. b3 g4 36. h3 gxh3+ 37. Kxh3 g5 38. Rg7 f4 39. Kg2 fxg3 40. Kxg3 Rh6 41. Rxg5 Rh1 42. Kf4 b4 43. Bf5+ Kc7 44. Rg3 Kb6 45. Rg7 Rf1+ 46. Ke4 d3 47. Rg2 Rb1 48. Kd4 Rxb3 49. Bxd3 Bc8 50. Rf2 Bg4 51. Rf6 Kc7 52. Rf7+ Kd8 53. Rg7 Bd1 54. Rg1 Bf3 55. Rb1 Rxb1 56. Bxb1 Kc7 57. c5 dxc5+ 58. Kxc5 b3 59. Kc4 Bd1 60. Kc3 Kd6 61. Bd3 1/2-1/2

[Event "NOR-chT Clubs"]
[Site "Drammen"]
[Date "2010.10.10"]
[Round "5"]
[White "Fjellengen, Bard"]
[Black "Kjoita, Henning Jakhelln"]
[Result "1/2-1/2"]
[WhiteElo "1789"]
[BlackElo "1849"]
[PlyCount "93"]
[EventDate "2010.10.08"]
[EventType "team"]
[EventRounds "6"]
[EventCountry "NOR"]
[SourceTitle "EXT 2015"]
[Source "ChessBase"]
[SourceDate "2014.11.20"]
[SourceVersion "1"]
[SourceVersionDate "2014.11.20"]
[SourceQuality "1"]
[WhiteTeam "Sarpsborg"]
[BlackTeam "Oslo SK 1911 II"]
[WhiteTeamCountry "NOR"]
[BlackTeamCountry "NOR"]

1. d4 d5 2. Nf3 e6 3. e3 c5 4. dxc5 Bxc5 5. c4 Nf6 6. Nc3 0-0 7. cxd5 exd5 8. Be2 Nc6 9. 0-0 Bf5 10. a3 d4 11. exd4 Nxd4 12. Nxd4 Bxd4 13. Nb5 Be5 14. Qxd8 Rfxd8 15. f4 Bb8 16. Nc3 a6 17. Bf3 Ba7+ 18. Kh1 Rd7 19. h3 Rc8 20. g4 Be6 21. f5 Bc4 22. Rd1 Re8 23. Bg5 Rde7 24. Bxf6 gxf6 25. Kg2 Kg7 26. Nd5 Bxd5 27. Rxd5 Rc7 28. Rad1 Rc2+ 29. R5d2 Rxd2+ 30. Rxd2 Re7 31. a4 Be3 32. Re2 a5 33. b3 b6 34. Bd5 Bc5 35. Rxe7 Bxe7 36. Kf3 Bd6 37. Ke4 Kf8 38. Kd4 Ke7 39. Kc4 h6 40. Kb5 Bc5 41. Kc6 Bf2 42. h4 Bxh4 43. Kxb6 Be1 44. Be4 Bb4 45. Kc6 Be1 46. Bd5 Bb4 47. Bc4 1/2-1/2

[Event "Politiken Cup 32nd"]
[Site "Copenhagen"]
[Date "2010.08.01"]
[Round "3"]
[White "Fjellengen, Bard"]
[Black "Joensson, Lennart"]
[Result "1-0"]
[WhiteElo "1909"]
[BlackElo "2105"]
[PlyCount "95"]
[EventDate "2010.07.31"]
[EventType "swiss"]
[EventRounds "10"]
[EventCountry "DEN"]
[SourceTitle "CBM 137 Extra"]
[Source "ChessBase"]
[SourceDate "2010.09.01"]
[SourceVersion "1"]
[SourceVersionDate "2010.09.01"]
[SourceQuality "1"]

1. d4 f5 2. e4 d6 3. Nc3 Nf6 4. exf5 Bxf5 5. Bd3 Bxd3 6. Qxd3 c6 7. Nf3 g6 8. 0-0 Bg7 9. Re1 Na6 10. a3 0-0 11. Qe2 Qd7 12. Qxe7 Rae8 13. Qxd7 Rxe1+ 14. Nxe1 Nxd7 15. Be3 d5 16. Nd3 Nc7 17. Ne2 Ne6 18. c3 Nf6 19. f3 g5 20. Ng3 Nd7 21. Re1 h6 22. Bf2 Kf7 23. Nf5 Kf6 24. Nxg7 Nxg7 25. Ne5 Nb6 26. b3 h5 27. h4 Nf5 28. hxg5+ Kxg5 29. g3 Nd6 30. Be3+ Kf5 31. a4 a5 32. Kg2 Kf6 33. Rh1 Nf5 34. Bf4 Ng7 35. g4 Rg8 36. Bg3 hxg4 37. fxg4 Nc8 38. Rf1+ Ke6 39. Rh1 Ke7 40. Rh7 Ke6 41. Rh6+ Ke7 42. Bh4+ Ke8 43. Rg6 Ne7 44. Bxe7 Kxe7 45. Kg3 Kf8 46. Kf4 Rh8 47. Rf6+ Kg8 48. Kg5 1-0

[Event "Politiken Cup 32nd"]
[Site "Copenhagen"]
[Date "2010.07.31"]
[Round "1"]
[White "Fjellengen, Bard"]
[Black "Jepson, Christian"]
[Result "0-1"]
[WhiteElo "1909"]
[BlackElo "2394"]
[PlyCount "86"]
[EventDate "2010.07.31"]
[EventType "swiss"]
[EventRounds "10"]
[EventCountry "DEN"]
[SourceTitle "CBM 137 Extra"]
[Source "ChessBase"]
[SourceDate "2010.09.01"]
[SourceVersion "1"]
[SourceVersionDate "2010.09.01"]
[SourceQuality "1"]

1. d4 Nf6 2. Nf3 c5 3. e3 g6 4. Nbd2 b6 5. Bd3 Bg7 6. b3 0-0 7. Bb2 Bb7 8. 0-0 Nc6 9. a3 d5 10. Qe2 Nh5 11. Ba6 Bxa6 12. Qxa6 Qc7 13. c3 e5 14. dxe5 Nxe5 15. Nxe5 Qxe5 16. Nf3 Qe4 17. Rac1 Rfd8 18. Rfd1 Qe7 19. Rc2 Nf6 20. Rcd2 Ne4 21. Rxd5 Bxc3 22. Qd3 Rxd5 23. Qxd5 Re8 24. Bc1 Bf6 25. Qd7 Nc3 26. Qxe7 Rxe7 27. Rd2 Kg7 28. Kf1 Rc7 29. Bb2 Nb1 30. Bxf6+ Kxf6 31. Ra2 Rd7 32. Ke1 Rd3 33. Rb2 Nxa3 34. Ke2 Rd7 35. Nd2 Ke6 36. Ne4 Nb5 37. Ng5+ Ke7 38. f4 Nc3+ 39. Kf3 h6 40. Ne4 Nxe4 41. Kxe4 a5 42. g4 Rd1 43. f5 g5 0-1

[Event "Politiken Cup 30th"]
[Site "Helsingor"]
[Date "2008.07.19"]
[Round "1"]
[White "Fjellengen, Bard"]
[Black "Overeem, Marc"]
[Result "1/2-1/2"]
[WhiteElo "1900"]
[BlackElo "2288"]
[PlyCount "94"]
[EventDate "2008.07.19"]
[EventType "swiss"]
[EventRounds "10"]
[EventCountry "DEN"]
[SourceTitle "CBM 125 Extra"]
[Source "ChessBase"]
[SourceDate "2008.09.01"]
[SourceVersion "1"]
[SourceVersionDate "2008.09.01"]
[SourceQuality "1"]

1. d4 d5 2. c4 c6 3. Nf3 Nf6 4. Nc3 a6 5. a4 e6 6. Bg5 Nbd7 7. e4 dxe4 8. Nxe4 h6 9. Nxf6+ Nxf6 10. Bd2 c5 11. Bc3 Ne4 12. Bd3 Nxc3 13. bxc3 cxd4 14. Nxd4 Bc5 15. Nb3 Bd6 16. 0-0 0-0 17. Qf3 Qc7 18. g3 Bd7 19. Nd4 f5 20. Rfe1 Rae8 21. Qh5 Qc8 22. Qf3 Rf6 23. Reb1 e5 24. Qd5+ Kh8 25. Rb6 exd4 26. Rxd6 Bc6 27. Qxd4 Rxd6 28. Qxd6 Rf8 29. Qf4 Qd7 30. Bc2 Qf7 31. h4 Qf6 32. Qd4 Qe7 33. Qe3 Qf7 34. Qf4 g5 35. hxg5 Qh5 36. Qe5+ Kg8 37. Qe6+ Rf7 38. Qxh6 Qf3 39. Qg6+ Rg7 40. Qe6+ Rf7 41. Qg6+ Kf8 42. Qd6+ Re7 43. Qh6+ Ke8 44. Qg6+ Kd8 45. Qd6+ Ke8 46. Qg6+ Kd8 47. Qd6+ Ke8 1/2-1/2